NFL: Top 3 Most Sacks in Each Draft Round (2020) - Statistics

General Stats
  • This quiz has been taken 32 times
    7 since last reset
  • The average score is 3 of 27
Answer Stats
Round # Player Sacks College % Correct
First Round 2nd Chase Young 22.0 Ohio State
80%
Seventh Round 229th James Smith-Williams 8.0 NC State
60%
First Round 28th Patrick Queen 14.5 LSU
40%
Second Round 54th AJ Epenesa 21.5 Iowa
20%
Third Round 102nd Alex Highsmith 36.5 Charlotte
20%
Second Round 48th Darrell Taylor 24.5 Tennessee
20%
Third Round 90th Jonathan Greenard 36.0 Florida
20%
Second Round 60th Joshua Uche 20.5 Michigan
20%
First Round 20th K'Lavon Chaisson 11.5 LSU
20%
Third Round 71st Nnamdi Madubuike 30.0 Texas A&M
20%
Sixth Round 186th Alohi Gilman 1.0 Navy / Notre Dame
0%
Sixth Round 184th Bravvion Roy 1.0 Baylor
0%
Fifth Round 170th Broderick Washington Jr. 6.0 Texas Tech
0%
Undrafted N/A Bryce Huff 22.0 Memphis
0%
Seventh Round 233rd Casey Toohill 8.0 Stanford
0%
Fourth Round 117th D.J. Wonnum 27.0 South Carolina
0%
Sixth Round 197th John Penisini 1.0 Snow / Utah
0%
Sixth Round 205th Josh Metellus 2.5 Michigan
0%
Seventh Round 216th Kamren Curl 7.0 Arkansas
0%
Sixth Round 194th Khalil Davis 3.0 Nebraska
0%
Fourth Round 114th Leki Fotu 3.5 Utah
0%
Fourth Round 138th L'Jarius Sneed 6.5 Louisiana Tech
0%
Undrafted N/A Michael Hoecht 13.5 Brown
0%
Fifth Round 177th Mike Danna 20.5 Central Michigan / Michigan
0%
Undrafted N/A Tershawn Wharton 13.5 Missouri S&T
0%
Fifth Round 155th Trevis Gipson 11.0 Tulsa
0%
Fourth Round 132nd Troy Dye 3.5 Oregon
0%
No matching quizzes found
Score Distribution
Percent of People with Each Score
Percentile by Number Answered
Your Score History
You have not taken this quiz since the last reset